벤피 한포평가 보고 벤피아데몬 맞추기 - Statistics

General Stats
  • This quiz has been taken 4 times
  • The average score is 34 of 55
Answer Stats
별점 평가 첫번쨰, 마지막
글자
정답 % Correct
4 첫 익텐으로 적당합니다 :) 국민 익텐 C, E Celestial Force
100%
2 듀얼 혼자 커버하는게 쉽지 않습니다. 어템 진짜 많이들고 무엇보다도 듀얼 이외 파트가 정말 재미없어서 다시 하고싶지 않네요. D, O Duelo Maestro
100%
3 저는 각 파트별로 서버에 맵이 올라와 있길래 그것들로 연습했습니다. 첫익데 하실분들은 그래도 괜찮을듯요? H, C Hypersonic
100%
4 꽤 흥미로운 겜플이지만, 익데는 익데인지라 저는 되게 어려웠습니다 I, T Incipient
100%
1 이게 왜 인데? 아니, 이게 왜 맵? 언레이팅 기원 L, V lezicuv
100%
3 맵이 길/기믹을 제대로 안알려줘서 많이 불친절합니다. 눈으로만 봐주세요. O, A Omorfia
100%
1 헬시리즈중에 제일 쉽다곤 하지만 맵이 이상한 볼패턴만 떡칠해놔서 제일 더럽습니다 T, Y The Hell Dignity
100%
1 큐브가 하나하나 다 레전드입니다. 이거 60으로 내려서까지 깨시는분들 진짜 이해안되면서 존경스럽습니다 T, E The Hell Zone
100%
5 60hz 유저의 숨겨진 free list point 암기맵. 칼타 몇개 있고 거미연타 있는게 끝입니다 T, E The Mainframe
100%
1 이 맵을 깨고 암이 나았습니다 U, E Uprise
100%
3 신기한 겜플을 느껴보세요. 이 리듬 기반의 액션 플랫 포머에 위험을 통해 귀하의 방법을 점프하고 날아! W, E Want Me
100%
4 잘만들긴 했지만 소고기패턴이 킹받게 합니다 Z, E Zettabyte
100%
4 77-100 연습을 많이 해주시면 저처럼 플루크 하실지도... A, E Allegiance
75%
4 겜플 싱크에 촥촥 맞고 후반 직관적이고 다 좋은데 너무 어려움 C, 1 Cosmorush 21
75%
5 포크 관리자들의 최악의 실수 D, S Dole Damos
75%
5 재밌습니다. 버그도 없고 좋았음 E, S Es Dilar Nos
75%
5 쉽진 않은데 페누토 스타일이 그렇게 두드러지지도 않고 괜찮았음 F, E Final Epilogue
75%
5 암기맵이라서 이악물고 하다보면 꽤 재밌습니다. 제가 했던 익데중 재미도 top5에 들듯? F, 3 Fingerdash V3
75%
4 쫄깃하고 짜릿합니다. 근데 연습을 많이 하시긴 해야해요 G, E Glide
75%
3 웨이브가 더럽게 어렵고 눈뽕 심합니다. 그래도 맵이 짧고 재미도 없지 않아요 I, E IMAPHONE
75%
1 I DON'T WANT THEM / 듀얼이 문제가 아니고 버그가 너무 많습니다 K, S Kinetic Bypass
75%
1 이 평가를 보고 있는 당신은 이미 너무 늦었습니다. RIP M, N Marathon
75%
2 특이한 겜플 좋아해서 했는데 맵이 투명장애물 많아서 킹받습니다 M, U miss you
75%
1 Darwin-titi-drift 3대장 때문에 돌아버리는줄 알았습니다. 제 지메인생을 끝장낼 뻔한 맵 N, Y night party
75%
2 비행'만' 더럽게 어렵게 만들어놓고 아무것도 없습니다. 플루크 했는데도 기분이 정말 나빴어요 N, S Night Terrors
75%
3 60퍼대부터 유엪, 웨이브, 큐브, 볼, 로봇... 어려운 타이밍이 쉴새없이 몰려옵니다. 많은 수련을 거치신 분이 아니라면 힘든 여정을 거치게 되실 겁니다 (이게 첫익데였던 제가 그랬고요). P, I Plasma Pulse III
75%
5 2.0 치고는 지금 봐도 아름다운 맵입니다. 최고의 인데 S, N Sparklic Ocean
75%
4 재밌는데 막웨이브가 예의가(?) 없네요 S, N Spectral Tentation
75%
3 딱히 추천드리고 싶지는 않습니다만... 화이팅! S, L super probably level
75%
4 약간 지루해요. 63 버그도 감점요소. T, Y Twisted Tranquility
75%
5 너프전이 그립다! U, D Underground
75%
2 전체적으로 쉽긴 한데 쓸데없을 정도로 길고 중반 운빨비행이 있어요 U, D Unearthed
75%
4 맵이 복잡하고, 나중에는 너무 잘지나가져서 나중가면 지루해집니다. 그래도 나쁜맵은 아님! A, L A2Marbl
50%
4 저는 후반을 너무 많이 죽었지만, 웨이브 잘하는 분이라면 재밌게 깨실수 있을 겁니다. A. L ATMarbl
50%
5 프렉만 돌려보고 놀라지 마세요. 별거 아닙니다. 재밌는 웨이브 맵이에요 C, E Cadrega Mode
50%
2 비행원툴맵. 비행 잘하는 컴유저에게 강추 C, N Conical Depression
50%
3 이상해요. 듀얼 길은 지금 생각해도 모르겠고 듀얼 비행 넘기면 깨야합니다 C, E Creeper Force
50%
4 볼이 충격적인데 잘지나가져서 나름 재밌습니다 G, Y Gateway
50%
4 기괴한 초반만 보고 손절하지 마세요. 생각보다 할만한 난이도입니다. 듀얼 좋아하시는 분들에게 추천 M, E Matilda the Machine
50%
4 처음만 어려운 용두사미 맵 N, X Necrodynamix
50%
5 웨이브가 많이 어렵고 유엪이 살짝 부조리합니다. 근데 나름대로 넘는맛 있음 P, I Plasma Pulse II
50%
5 겜플 참신하고 너프되서 더 재밌습니다 S, R SHATTER
50%
2 익데 채우기 하실거 아니면 다른거 하러 가시는게 낫습니다 S, E SUBVERSIVE
50%
2 하라 그래도 안하실 거잖아요 S, D Sysmique Locked
50%
3 맵이 좀 웃깁니다. 이상해요 W, T Wander of thought
50%
4 드랍 개꿀잼! 특히 저주사율에게 강추입니다. A, A Aurora
25%
2 저주사율로는 절대 하지 마세요. 제발. B, I BuTiTi III
25%
4 잘만들긴 했는데 난이도 분배가 짜증날 수 있습니다 A, M Artificial Dream
0%
5 초반도 소문만큼 어렵지는 않습니다. 렉만 안걸렸다면 최고의 익데중 하나 A, S Awakening Horus
0%
5 진지하게 첫큐브도 잘넘어가지고 재밌었습니다. 47 분홍공점이랑 그다음 한칸비행이 어려웠어요 B, D Black Blizzard
0%
3 후살이 심해서 평가를 깎아먹지만 뭐... 후반은 잘 가지니까요 E, T Excessive Compliment
0%
5 웨이브연타가 힘들지만 않다면 강추! F, S Future Circles
0%
4 지루한 초반부만 견디면 재밌는 듀얼맵입니다. 시간에 얽메이지 않는 분이라면 강추 N, S Novalis
0%
3 듀얼 뒤쪽이 운빨성이 강하게 설계되어 있습니다. 기도메타 하십시오 S, E Superstrike
0%
3 맵이 플레이어에게 친절하지 못합니다 T, Y Temple of Destiny
0%
No matching quizzes found
Score Distribution
Percent of People with Each Score
Percentile by Number Answered
Your Score History
You have not taken this quiz